| 000 | 00546nam a2200145 a 4500 | ||
|---|---|---|---|
| 008 | 120416s0000 ||||||||||||||||| || u | ||
| 020 | _a0860958779 | ||
| 050 | _aTH 1725 Noi | ||
| 100 | _aCroome, Derek J | ||
| 245 | 1 | 0 |
_aNoise and design of buildings and services _cedited by Derek J. Croome |
| 260 |
_aLondon _bNew York _cConstruction P. |
||
| 300 | _avii, 185p. : ill. | ||
| 350 | _a0.00 | ||
| 995 |
_D0.00 _FCBU-MAIN LIBRARY (Kitwe) _H1 _I24.00 _UAVAILABLE _ZMain Library Open Access Collection |
||
| 999 |
_c52308 _d52308 |
||